000 00862nam a22001937a 4500
003 OSt
005 20260508082435.0
008 260508b |||||||| |||| 00| 0 eng d
040 _aDWCL GS lib
_cOC
082 _aFic. K26m 1978
100 _aKeene, Carolyn
245 _anancy drew mystery stories 55:
_bthe mystery of crocodile island
_cCarolyn Keene
260 _aNew York
_bGrosset & Dunlap
_cc1978
300 _a180
_billustrations
_c20cm
520 _aMystery of Crocodile Island (1978) is the 55th installment in the Nancy Drew Mystery Stories series. In this adventure, Nancy Drew travels to Florida with her friends Bess Marvin and George Fayne to investigate a group of poachers operating on a mysterious island.
546 _aEnglish
700 _aCarolyn Keene
942 _2ddc
_cFIC.
_hFic. K26m 1978
_n0
999 _c10328
_d10328